<?xml version="1.0" encoding="UTF-8"?>
<collection xmlns="http://www.loc.gov/MARC21/slim">
    <record>
        <controlfield tag="001">101347</controlfield>
        <controlfield tag="005">20210415110712.0</controlfield>
        <datafield tag="037" ind1=" " ind2=" ">
            <subfield code="a">TAZ-TFM-2020-1289</subfield>
        </datafield>
        <datafield tag="041" ind1=" " ind2=" ">
            <subfield code="a">spa</subfield>
        </datafield>
        <datafield tag="100" ind1="1" ind2=" ">
            <subfield code="a">Chueca Casado, Diego</subfield>
        </datafield>
        <datafield tag="242" ind1="0" ind2="0">
            <subfield code="a">"The library at night". Public Library in San Pablo neighborhood. Zaragoza</subfield>
        </datafield>
        <datafield tag="245" ind1="0" ind2="0">
            <subfield code="a">"The library at night". Biblioteca pública en el barrio de San Pablo. Zaragoza</subfield>
        </datafield>
        <datafield tag="260" ind1=" " ind2=" ">
            <subfield code="a">Zaragoza</subfield>
            <subfield code="b">Universidad de Zaragoza</subfield>
            <subfield code="c">2020</subfield>
        </datafield>
        <datafield tag="300" ind1=" " ind2=" ">
            <subfield code="e">material-fisico-adicional</subfield>
        </datafield>
        <datafield tag="506" ind1=" " ind2=" ">
            <subfield code="a">by-nc-sa</subfield>
            <subfield code="b">Creative Commons</subfield>
            <subfield code="c">3.0</subfield>
            <subfield code="u">http://creativecommons.org/licenses/by-nc-sa/3.0/</subfield>
        </datafield>
        <datafield tag="520" ind1=" " ind2=" ">
            <subfield code="a">El proyecto surge con la necesidad de un espacio para la lectura que sirva como nuevo elemento de conexión. Su emplazamiento tiene un carácter especial al tratarse de un lugar que debe vincularse tanto física como socialmente: dos parcelas separadas por la calle de las Armas, en el actualmente conflictivo barrio de San Pablo.&lt;br />Frente a la arquitectura fragmentada y densificada de la zona, el proyecto trata de jugar con la escala doméstica del lugar sin perder la escala pública, siendo un nexo entre esa dicotomía. Esta dualidad continua con la creación de dos pieles: una dura que acoge los espacios de servicio y acompaña al límite de la parcela, y, otra blanda que diluye el espacio urbano con el proyecto, estableciendo un nuevo límite difuso. Estos dos límites se unen mediante una cubierta que con sus pliegues trata de encajarse en la escala doméstica del barrio. Marcando mediante su ritmo descendiente la conexión entre las dos parcelas, que se realiza mediante dos brazos que conectan en diferentes alturas.&lt;br />A su vez, este continuo descenso perimetral que coge como inicio y fin la plaza de las Armas, establece un nuevo tránsito perpendicular a la calle existente cuyo final es el acceso al edificio.&lt;br />&lt;br /></subfield>
        </datafield>
        <datafield tag="521" ind1=" " ind2=" ">
            <subfield code="a">Máster Universitario en Arquitectura</subfield>
        </datafield>
        <datafield tag="540" ind1=" " ind2=" ">
            <subfield code="a">Derechos regulados por licencia Creative Commons</subfield>
        </datafield>
        <datafield tag="700" ind1=" " ind2=" ">
            <subfield code="a">Pérez Silanes, Óscar</subfield>
            <subfield code="e">dir.</subfield>
        </datafield>
        <datafield tag="700" ind1=" " ind2=" ">
            <subfield code="a">Franco Lahoz, Ángel Luis</subfield>
            <subfield code="e">dir.</subfield>
        </datafield>
        <datafield tag="710" ind1="2" ind2=" ">
            <subfield code="a">Universidad de Zaragoza</subfield>
            <subfield code="b">Unidad Predepartamental de Arquitectura</subfield>
            <subfield code="c">Proyectos Arquitectónicos</subfield>
        </datafield>
        <datafield tag="856" ind1="0" ind2=" ">
            <subfield code="f">698122@unizar.es</subfield>
        </datafield>
        <datafield tag="856" ind1="4" ind2=" ">
            <subfield code="s">6927737</subfield>
            <subfield code="u">http://zaguan.unizar.es/record/101347/files/TAZ-TFM-2020-1289.pdf</subfield>
            <subfield code="y">Memoria (spa)</subfield>
        </datafield>
        <datafield tag="856" ind1="4" ind2=" ">
            <subfield code="s">75617895</subfield>
            <subfield code="u">http://zaguan.unizar.es/record/101347/files/TAZ-TFM-2020-1289_ANE.pdf</subfield>
            <subfield code="y">Anexos (spa)</subfield>
        </datafield>
        <datafield tag="909" ind1="C" ind2="O">
            <subfield code="o">oai:zaguan.unizar.es:101347</subfield>
            <subfield code="p">driver</subfield>
            <subfield code="p">trabajos-fin-master</subfield>
        </datafield>
        <datafield tag="950" ind1=" " ind2=" ">
            <subfield code="a"></subfield>
        </datafield>
        <datafield tag="951" ind1=" " ind2=" ">
            <subfield code="a">deposita:2021-04-15</subfield>
        </datafield>
        <datafield tag="980" ind1=" " ind2=" ">
            <subfield code="a">TAZ</subfield>
            <subfield code="b">TFM</subfield>
            <subfield code="c">EINA</subfield>
        </datafield>
        <datafield tag="999" ind1=" " ind2=" ">
            <subfield code="a">20201118004412.CREATION_DATE</subfield>
        </datafield>
    </record>

    
</collection>